1358 1792 1504 1884 1995 1135 1003 1584 1938 1703 1102 1457 1909 1847 1753 1739 1100 1980 1754 1681 1413 1481 1093 1774 1569 1364 1117 1170 1331 1617 1076 1194 1887 1783 1036 1388 1278 1865 1935 1404 1115 1174 1589 1259 1361 1003 1231 1615 1371 1758 1861 1856 1015 1511 1359 1453 1684 1708 1972 1192 1842 1771 1393 1190 1784 1171 1094 1784 1748 1059 1210 1582 1138 1166 1256 1443 1554 1171 1601 1712 1310 1029 1910 1515 1107 1764 1085 1211 1635 1334 1736 1990 1993 1237 1523 1978 1832 1238 1820 BCNSPRNW ULIB Ver.6.0+V

เปลี่ยนเป็นภาษาไทย

Change to English
 แสดงรายละเอียดบรรณานุกรม
  กลับหน้าหลัก

Brief Record : Get Marc (ISO 2709) : E-mail record : QR code < ปิดหน้าต่าง
LEADER : 00000nam 2200000uu 4500
001    13399114475
003     ULIB
008    120404s2552||||th 000 0 tha d
020    ^a9786119002852
090    ^aนว.^bส655H 2552
100 0  ^aสายลมหนาว
245 00 ^aHelp me My Heart สะกิดรักสลับหัวใจ 2/^cสายลมหนาว
250    ^aพิมพ์ครั้งที่ 1
260    ^aกรุงเทพฯ :^bCHEEZE,^c2552
300    ^a171 หน้า
710 1  ^aCHEEZE
945    ^p148^l0^i15937
995    ^aกัณชพร
999    ^aใช้งานได้ทุกระบบ
รายการนี้ยังไม่มีแท็ก
คุณยังไม่ได้ล็อกอิน คุณสามารถมีกิจกรรมร่วมกับเว็บไซต์ได้ แต่ต้องล็อกอินก่อน ::
  ล็อกอิน

รายการสื่อสารสนเทศ

ลำดับที่ ประเภท เลขเรียก/บาร์โค้ด สถานที่ สถานะ
1. นวนิยาย
นวนิยาย
นว. ส655H 2552  
  Barcode: 15937
ห้องสมุดวิทยาเขตสวรรค์ประชารักษ์
►นวนิยาย
บนชั้น
  ขอยืม

รายการใกล้เคียง
    ผู้แต่ง [สายลมหนาว]

BibComment


ยังไม่เคยถูกคอมเมนท์

คอมเมนท์ทรัพยากรรายการนี้
  คอมเมนท์: Help me My Heart..


 Copyright 2026. Bcnsprnw @Library